Представление документа в формате RUSMARC

ПолеНазваниеЗначение
  Тип записи a
  Библиографический уровень a
001 Контрольный номер UONB/MAIN/35db43165193424697ea4c3d32c90a1a
005 Дата корректировки 20260325181951.2
100 Данные общей обработки __
a Данные общей обработки 20260325 ||| 0rusy0189 ca
101 Язык документа 0_
a Язык текста rus
102 Страна публикации __
a Страна публикации RU
200 Заглавие и сведения об ответственности 1_
a Заглавие Возрождённые "Карсунские наигрыши"
203 Вид содержания и тип средства __
a Вид содержания Текст
b Характеристика содержания визуальный
c Тип средства непосредственный
215 Физическое описание __
c Иллюстрации/тип воспроизводства ил., портр.
330 Аннотация __
a Аннотация Творческий путь ансамбля русских народных инструментов "Карсунские наигрыши".
461 Уровень набора _0
1 2000
a Карсунский вестник
463 Уровень физической единицы _0
1 2000
a № 10 (12750) (13 марта)
v С. 4
1 2101
d 2026
1 001UONB/MAIN/85e070082a9647be884095706c2702d6
600 Персоналии _1
a Персоналии (Фамилия) Львов
b Персоналии (Имя, инициалы) И.
g Полное имя Игорь
601 Наименование организации как предмет 02
a Наименование организации как предмет "Карсунские наигрыши", ансамбль русских народных инструментов (Карсунский район ; Ульяновская область)
607 Географические рубрики __
a Географическое наименование Карсун, рабочий поселок (Карсунский район ; Ульяновская область)
610 Ключевые слова 0_
a Ключевые слова народные коллективы; самодеятельные коллективы; инструментальные ансамбли; ансамбли русских народных инструментов
686 Индексы других классификаций __
2 Код системы rubbk
a Классификационный индекс 85.313.7-9
801 Источник записи _0
a Страна RU
b Организация Ульяновская ОНБ
c Дата составления 20260325
g Правила каталогизации RCR
801 Источник записи _1
a Страна RU
b Организация Ульяновская ОНБ
c Дата составления 20260325
g Правила каталогизации RCR
901 Тип документа __
t Тип документа f
w Контрольный № источника UONB/MAIN/85e070082a9647be884095706c2702d6
909 Создатель записи __
a Создатель записи Мухаметжанова
b Дата создания записи 20260325